Quizzes
Events
Quiz Creation
Community
Videos
Private Events
Remove Ads
Sign In
Join for FREE
Feedback
Dark Mode
Quiz Categories
Sports
Geography
Music
Movies
Television
Just For Fun
Miscellaneous
History
Literature
Language
Science
Gaming
Entertainment
Religion
Holiday
For Kids
Quiz Lab
Recent
Popular Today
Quiz Kudos Today
Editor Picks
Curator Picks
Quizzes by...
Day
Popularity
Type
Ratings
Length
Year
Community
Subscriptions
Recent Discussions
Orange Saloon
Badges
Playlists
Quests
Create
Leaderboards
Showdown
Live 5
Trivia Bingo
Activity
Puzzle Library
Sporcle Events
Private Events
Virtual Trivia
Globe League
Become a Host
Pub Owners
SporcleCon
Opinionation
Our Games
Videos
Blog
Mobile Apps
Partnerships
Remove Ads and Go Orange
Feedback
Geography
Country
Landmarks
City
State
Population
World
Capital
Continent
Flags
Europe
Africa
Asia
South America
North America
Oceania
Border
Canada
United Kingdom
Topography
United States
Geography
Country
Landmarks
City
State
Population
World
Capital
Continent
Flags
Europe
Africa
Asia
South America
North America
Oceania
Border
Canada
United Kingdom
Topography
United States
Random Quiz
Search Sporcle
×
Quiz Lab
Quiz Lab
Geography
Clickable
Select answers by clicking on text or image buttons
Select answers by clicking on text or image buttons
Clickable
Best Score? Go Orange.
What State is That? Stats
Can you name the state nicknames by these fake nicknames?
By
LathroLD
6m
50 Questions
65 Plays
65 Plays
65 Plays
Comments
Comments
Give Quiz Kudos
Give Quiz Kudos
-
- Ratings
hide this ad
Forced Order
Answers have to be entered in order
Answers have to be entered in order
Replay
Link that replays current quiz
Next Quiz
Link to next quiz in quiz playlist
You Got
0%
They Got
Avg Score
39%
Avg Friend Score
Upgrade to see
Score Distribution
Jump to the score distribution portion of the page
Score
0/50
Timer
06:00
0
Plays Today
% Correct
Idaho
81%
Rhode Island
74.6%
Utah
74.6%
Wisconsin
74.6%
New York
73%
Tennessee
73%
New Mexico
71.4%
Vermont
66.7%
Colorado
61.9%
Massachusetts
54%
Florida
50.8%
Ohio
50.8%
Wyoming
50.8%
South Dakota
49.2%
Alaska
47.6%
Illinois
47.6%
Connecticut
46%
Georgia
42.9%
Louisiana
42.9%
Minnesota
42.9%
Arizona
41.3%
New Jersey
41.3%
Maine
39.7%
Virginia
39.7%
West Virginia
39.7%
% Correct
Kansas
38.1%
Pennsylvania
38.1%
Washington
38.1%
California
34.9%
Nevada
34.9%
Hawaii
33.3%
Arkansas
31.7%
Alabama
30.2%
Kentucky
30.2%
Michigan
28.6%
Indiana
27%
Texas
25.4%
Delaware
23.8%
Montana
23.8%
North Carolina
23.8%
Oklahoma
22.2%
South Carolina
19%
Iowa
17.5%
Nebraska
15.9%
Maryland
14.3%
Missouri
14.3%
Oregon
11.1%
North Dakota
9.5%
Mississippi
7.9%
New Hampshire
7.9%
Quiz Playlist
Details
Report
Send in Message
Add To Playlist
Clickable:
Select answers by clicking on text or image buttons
Forced Order:
Answers have to be entered in order
Last Updated: Jul 23, 2017
Quiz Scoreboard
CHALLENGE
Sign Up to Join the Scoreboard
Show All
Scores
Hide
Comments
May contain spoilers
Recently Published
An Introduction to Baseball
by treessimontrees
Sports
5m
Movies - When Are They Set?
by FPL_Elf
Movies
5m
Popular People in 1961
by mucciniale
History
6m
More to Explore
Quiz From the Vault
Featured Blog Post
Where Did the Easter Bunny Come From?
hide this ad
You Might Also Like...
Tags
Clickable Quiz
State Quiz
fake
nickname
Today's Top Quizzes in Geography
Browse Geography
hide this ad
Today's Top Quizzes in Clickable
Browse Clickable
Top Contributed Quizzes in Geography
1
Countries of the World - No Outlines Minefield
2
Top 25 Cities of France on a map
3
Any capital of a 'B' country per Continent
4
Closest Countries to UK A-Z
5
One Thing in Common: United Kingdom
6
Any capital of a 'C' country per Continent
7
Find the Provinces of Canada - No Outlines Minefield
8
Any capital of a 'D' country per Continent
9
Find the US States - No Outlines
10
Blind Secret Country CLXXXVIII
Explore More
Trending Topics
Kpop
NBA
Crossword
Anime
Harry Potter
Disney
Marvel
Country
Soccer
NFL
WWE
Puzzle
Pokémon
The Office
Song
hide this ad
More By:
LathroLD
Quiz
Plays
Rating
Category
Featured
Created
Cloud Types
1,282
4.25
Science
Oct 21, 2014
2014 NCAA Tournament Teams Nicknames
755
3.00
Sports
Mar 29, 2014
College Football Past 25 Years of Ranked Teams
384
4.33
Sports
Dec 20, 2014
Who has Michigan Football Beaten?
314
4.00
Sports
May 9, 2014
Who's that driver?
242
2.25
Sports
Aug 30, 2014
Go to Creator's Profile
Score Distribution
Quiz Creator Spotlight
LathroLD
Follow
Send a Message
Quizzes Created
-
Created Quiz Play Count
-
More By This Creator
Popular Quizzes Today
1
Find the Countries of Europe - No Outlines Minefield
2
Find the US States - No Outlines Minefield
3
The Countries of the World
4
Popular People in 1961
5
Find the US States
6
US States
7
1-10 Letter E Words III
8
Risky Map Clicking: Biggest States A-Z
More Geography Quizzes
Qatar Physical Geography
Curator's Pick
Trending Quizzes
Risky Map Clicking: Least Populous States A-Z
1-10 Letter F Words
1-10 Letter G Words
Not Quite an Element Typing Challenge
One Thing in Common: United Kingdom
Recently Updated
Leaping Animals
pecheneg
Reality TV Shows (A-Z)
bhenderson79
Rickey Henderson's Hall of Fame Teammates
pecheneg
Champions League XIs: Arsenal
pecheneg
Quick Pick: Celebrities in WWE's Hall of Fame
aduchscher
A-Z Keypad Blitz II
pecheneg
Multiple Oscar Actors
pecheneg
Mystery Phrase Blitz: Oscar 'Best Actors'
pecheneg
F. Scott Fitzgerald Novels
LTH
Pick 3 Villains
ddd62291
Trending Topics
NBA
Kpop
Marvel
Crossword
Anime
Disney
Harry Potter
Puzzle
Soccer
Pokémon
Song
The Office
WWE
Country
NFL
Your Account Isn't Verified!
In order to create a playlist on Sporcle, you need to verify the email address you used during registration. Go to your
Sporcle Settings
to finish the process.
Report this User
Report this user for behavior that violates our
Community Guidelines
.
Details:
Send Report
Go to the Sporcle.com Mobile Site →
Comments